000 00342nam a2200121 a 4500
005 20210219160820.0
008 s2004 000 spa d
035 _aUPN01000173349
100 _aHINOJOSA FRANCISCO
245 _aCUANDO LOS RATONES SE DABAN LA GRAN VIDA
260 _bI/PZ8.2/H5.4/EJ.4
500 _aCatalogación en circulación
999 _c145453
_d145453